header

Bulletproof wireless security (Record no. 81989)

MARC details
000 -LEADER
fixed length control field 01557nam a2200373Ia 4500
082 04 - DEWEY DECIMAL CLASSIFICATION NUMBER
Classification number 005.8
100 1# - MAIN ENTRY--AUTHOR NAME
Personal name Chandra, Praphul.
245 10 - TITLE STATEMENT
Title Bulletproof wireless security
260 ## - PUBLICATION, DISTRIBUTION, ETC. (IMPRINT)
Place of publication Amsterdam ;
-- Oxford :
Name of publisher Newnes,
Year of publication 2005.
300 ## - PHYSICAL DESCRIPTION
Number of Pages xxxiii, 237 p. :
Other physical details ill.
490 1# - SERIES STATEMENT
Series statement Communications engineering series
650 #0 - SUBJECT ADDED ENTRY--TOPICAL TERM
Topical Term Wireless communication systems
Topical Term Wireless LANs
Topical Term Global system for mobile communications
Topical Term Universal Mobile Telecommunications System
Topical Term IEEE 802.11 (Standard)
856 40 - ELECTRONIC LOCATION AND ACCESS
Uniform Resource Identifier http://site.ebrary.com/lib/rucke/Doc?id=10127920

No items available.

© 2026 Rongo University
Contact us: librarian | system librarian | Rongo university